Les adversaires préférés de Cristiano Ronaldo en club - Statistiques

Statistiques générales
  • Ce quiz a été pris 35 fois
  • Le résultat moyen est 6 sur 9
Statistiques - réponses
Nombre de buts Championnat Clubs % Correct
20 buts LaLiga FC Barcelone
97%
27 buts LaLiga Séville FC
97%
25 buts LaLiga Atlético de Madrid
90%
17 buts LaLiga Athletic Bilbao
81%
15 buts LaLiga Real Sociedad
71%
17 buts LaLiga Malaga CF
45%
23 buts LaLiga Getafe
42%
20 buts LaLiga Celta Vigo
39%
15 buts LaLiga Espanyol Barcelone
32%
Aucun quiz correspondant
Distribution des résultats
% des personnes avec chaque résultat
Percentile par nombre de réponses
Votre historique - résultats
Vous n’avez pas pris ce quiz